Россия. Символика, традиции, культура, Учебное пособие

Bibliografiska uppgifter
Övriga upphovsmän: Е. А. Ядрихинская, И. В. Адигезалова, И. А. Будник, Т. В. Артёменко
Sammanfattning:Книга находится в премиум-версии платформы «Русский как иностранный».
Учебное пособие содержит тексты лингвострановедческого характера, русско-англо-франко-испанский словарь и предназначено для студентов, изучающих русский язык как иностранный на подготовительном этапе обучения. Издание может использоваться в качестве дополнительного материала к курсу «Страноведение», к внеаудиторным занятиям в рамках работы клуба Русского языка, а также на уроках русского языка как иностранного во втором семестре.
Гарантированный срок размещения на платформе до 01.04.2028 (автопролонгация)
Publicerad: Воронеж, Воронежский государственный университет инженерных технологий, 2014
Upplaga:Россия. Символика, традиции, культура
Ämnen:
Länkar:Перейти к просмотру издания
Materialtyp: MixedMaterials Elektronisk

MARC

LEADER 00000 a2200000 4500
001 RU/ROS-EDU.RU/47447
856 4 |u https://www.ros-edu.ru/book?id=47447  |z Перейти к просмотру издания 
010 |a 978-5-00032-038-9 
205 |a Россия. Символика, традиции, культура  |b 2028-04-01 
333 |a Гарантированный срок размещения на платформе до 01.04.2028 (автопролонгация) 
100 |a 20140101d2014 |||y0rusy0250   |s 2028-04-01 
105 |a y z 000zy 
101 0 |a rus 
102 |a RU 
200 1 |a Россия. Символика, традиции, культура  |b Электронный ресурс  |e Учебное пособие  |f Е. А. Ядрихинская [и др.] 
701 1 |b Е. А.  |a Ядрихинская  |4 070 
701 1 |b И. В.  |a Адигезалова  |4 070 
701 1 |b И. А.  |a Будник  |4 070 
701 1 |b Т. В.  |a Артёменко  |4 070 
330 |a Учебное пособие содержит тексты лингвострановедческого характера, русско-англо-франко-испанский словарь и предназначено для студентов, изучающих русский язык как иностранный на подготовительном этапе обучения. Издание может использоваться в качестве дополнительного материала к курсу «Страноведение», к внеаудиторным занятиям в рамках работы клуба Русского языка, а также на уроках русского языка как иностранного во втором семестре. 
210 |a Воронеж  |c Воронежский государственный университет инженерных технологий  |d 2014 
610 1 |a символика 
610 1 |a традиция России 
610 1 |a культура России 
610 1 |a лингвострановедческий текст 
610 1 |a русский язык 
610 1 |a русско-англо-франко-испанский словарь 
675 |a 811.161 
686 |a 81.2  |2 rubbk 
300 |a Книга находится в премиум-версии платформы «Русский как иностранный». 
215 |a 84 с.